000 00503nam a2200157 i 4500
001 75880
003 ES-MaACL
005 20230906172634.0
007 t|
008 040928s1925 sp ||||1| spa d
100 1 _aGuallart y López de Goicoechea, José.
_960297
245 1 3 _aEl Derecho Penal de los menores
_b: los Tribunales para niños /
_cJosé Guallart y López de Goicoechea.
260 _aZaragoza :
_b[s.n.,
_c1925] (
_fLa Académica)
300 _a163 p. ;
_c22 cm.
852 _aES-MaACL
_jF-532
999 _c75880
_d75880